| 000 | 01008nam a2200229Ia 4500 | ||
|---|---|---|---|
| 999 |
_c39615 _d39615 |
||
| 001 | 6215 | ||
| 003 | GE_BSU | ||
| 005 | 20190425003209.0 | ||
| 008 | 181216s1989||||ge |||||||||||||| ||geo|| | ||
| 040 | _cGE_BSU | ||
| 041 | _ageo | ||
| 080 | _a621.031(075.32) ე-39 | ||
| 100 |
_aეზიკაშვილი, ო. _9482 |
||
| 245 |
_aტექნიკური მექანიკა (კონსტრუქციების ალბომი) : _bდამხმ. სახელმძღვ. / _c ო. ეზიკაშვილი, გ.ჭელიძე, ა, ცირეკიძე. |
||
| 264 |
_aთბილისი : _bგანათლება, _c1989. |
||
| 300 |
_a144გვ. : _bილ. ; _c27 სმ. |
||
| 504 | _aბიბლიოგრ. : გვ.144. | ||
| 653 | _aტექნიკური მექანიკა | ||
| 700 |
_aჭელიძე, ო. _eავტორი _9483 |
||
| 700 |
_aცირეკიძე,ა. _eავტორი _9484 |
||
| 942 |
_cBK _2udc |
||